000 00312 a2200097 4500
020 _a9789370982000
100 _aBabu John
245 _aHimalayathile theerthasthalikaliloode(ഹിമാലയത്തിലെ തീർത്ഥ സ്ഥലികളിലൂടെ)
260 _bD C books
_c2025
942 _cOO
999 _c115293
_d115292